| 000 | 00803cam a22002897a 4500 | ||
|---|---|---|---|
| 003 | CHAP | ||
| 005 | 20220329135237.0 | ||
| 008 | 971013s1983 r 00010 d | ||
| 010 | _a33187 | ||
| 011 | _a34159 | ||
| 035 | _a38275 | ||
| 040 | _cCHAP | ||
| 082 |
_a912 _bN8 1983 |
||
| 245 | 1 | 3 | _aEl nuevo Atlas Internacional |
| 250 | _a3 ed. | ||
| 260 |
_aLondon : _bRand McNally, _c1983 |
||
| 300 |
_ac.a. 525 p. _b; mapas |
||
| 590 |
_aBATCH-UPD _b10 _c20130110 _lUCH01 _h0106 |
||
| 590 |
_aBATCH-UPD _b10 _c20130110 _lUCH01 _h1114 |
||
| 590 |
_aCONVERSION _b10 _c20130109 _lUCH01 _h1319 |
||
| 650 | 1 | 4 |
_aAtlas. _98256 |
| 650 | 1 | 4 |
_aMapas. _971128 |
| 700 | 0 |
_aCollins, William. _925293 |
|
| 901 | _aBK | ||
| 942 | _cLIBRO | ||
| 949 |
_a912 N8 1983 _bBC _cC _d33724002022025 _eC _gI. 125491 _h64815 _i38275 _si |
||
| 999 |
_c33187 _d33187 |
||